UM Logo
Normal view MARC view
  • Ha, Jooyeon.

Entry Personal Name

Number of records used in: 1

001 - CONTROL NUMBER

  • control field: 59203

003 - CONTROL NUMBER IDENTIFIER

  • control field: OSt

005 - DATE AND TIME OF LATEST TRANSACTION

  • control field: 20240828095236.0

008 - FIXED-LENGTH DATA ELEMENTS

  • fixed length control field: 240828|| aca||aabn | a|a d

040 ## - CATALOGING SOURCE

  • Original cataloging agency: OSt
  • Transcribing agency: OSt

100 ## - HEADING--PERSONAL NAME

  • Personal name: Ha, Jooyeon.
  • Relator term: author.

670 ## - SOURCE DATA FOUND

  • Source citation: Work cat.: (OSt): Ha, Jooyeon. author., WHy do you dine at Korean restaurants? an ethnic food consumptio model approach /, December 2019.